Responses for Show #3556 - Monday, February 7, 2000

2000-A College Championship quarterfinal game 1.
The contestants were introduced from the left to right positions, entering the auditorium and pausing to be introduced before taking their places behind their lecterns.

Contestants

[<< previous game]

Janet Wong, a senior at Drew University from Eatontown, New Jersey

Darren Bates, a senior at UC San Diego from Sherman Oaks, California

Marcail Moran, a sophomore at Hollins University from New Orleans, Louisiana

[next game >>]

Jeopardy! Round responses

AMERICAN GOVERNMENT
HISTORY ON TV
TRAVEL U.S.A.
DORM CUISINE
SHE'S ANNE
"I" FULL
    $100 1
the Constitution

Janet
    $100 6
M*A*S*H

Marcail
    $100 16
William Shakespeare

Janet
    $100 11
popcorn

Janet
    $100 22
Anne Frank

Darren
    $100 21
identical

Marcail
    $200 2
vice president

Janet
    $200 7
the Irish

Janet
    $200 17
Robert Redford

Darren
    $200 12
string cheese

Marcail
    $200 27
Anne Boleyn

Darren
    $200 23
ignore

Darren
    $300 3
the Supreme Court

Janet
    $500 8
Henry Kissinger

Janet
    $300 18
EPCOT Center

Janet
    $300 13
celery

Marcail
    $300 28
Anne Heche

Marcail
    $300 24
illegible

Janet
    $400 4
(Marcail: What is roll call?)
(Darren: What are the minutes?)

the Congressional Record

MarcailDarren
Triple Stumper
    $400 9
V.I. Lenin

Marcail
    $400 19
New Orleans

Marcail
    $400 14
yogurt

Darren
    $400 29
Anne Rice

Darren
    $400 25
idol

Janet
    $500 5
the Know-Nothings

Darren
    $500 10
Andrew Carnegie

Marcail
    $500 20
the War of 1812

Janet
    $500 15
cashew

Marcail
    $500 30
Anne Sullivan

Janet
    $500 26
imam

Triple Stumper

Scores at the first commercial break (after clue 11):

Marcail Darren Janet
$600 $100 $1,400

Scores at the end of the Jeopardy! Round:

Marcail Darren Janet
$2,400 $1,600 $3,500

Double Jeopardy! Round responses

PEOPLE IN HISTORY
ANAGRAMS
BRIT LIT
THE GOBI DESERT
ROCK STARS
NUMBERS
    $200 6
Charles Darwin

Darren
    $200 24
(Janet: What are sweet potatoes?)

yam (may)

Janet
Triple Stumper
    $200 11
Beowulf

Janet
    $200 21
(Darren: What is a highway?)

a railroad

Darren
Triple Stumper
    $200 12
Mariah Carey

Janet
    $200 1
6 (3 + 3)

Darren
    $400 7
Napoleon Bonaparte

Triple Stumper
    $400 25
pace (cape)

Darren
    $400 17
"Do not go gentle into that good night"

Triple Stumper
    $400 22
dinosaur

Darren
    $400 13
The Artist

Darren
    $400 2
(Darren: What is 24?)

48 (24 + 24)

Darren
Triple Stumper
    $600 8
Attila

Darren
    $600 28
yonder (Rodney)

Triple Stumper
    $600 18
D.H. Lawrence

Janet
    $600 23
sandstorms

Marcail
    $600 14
[Dressed in outfit worn for "...Baby One More Time"]

Britney Spears

Janet
    $600 3
(Alex: Only continent is Europe.)

91 (1 + 90)

Janet
    $800 9
Machiavelli

Janet
    $800 29
observe (obverse)

Marcail
    $700 19
(Janet: Who is T.S. Eliot?)

William Blake

Janet
    $800 26
Mongolian

Triple Stumper
    $800 15
Geri Halliwell

Marcail
    $800 4
(Alex: Just the states, there are no presidents named Robert.)

5 (5 + 0)

Janet
    $1000 10
(Darren: Who is Cassatt?)
...
(Alex: Mary Cassatt was an artist; [*] was the conspirator.)

Mary Surratt

Darren
Triple Stumper
    $1000 30
madre (dream)

Triple Stumper
    $1000 20
Leviathan

Darren
    $2,000 27
(Darren: What is a Tasmanian devil?)

horse

Darren
    $1000 16
Fiona Apple

Janet
    $1000 5
1001 (1000 + 1)

Darren

Scores at the end of the Double Jeopardy! Round:

Marcail Darren Janet
$4,600 $2,200 $7,400

Final Jeopardy! Round responses

WORLD GEOGRAPHY
[The Final Jeopardy! "Think!" music for this tournament was the version used for Rock & Roll Jeopardy!]
DarrenWhat is S America
$2,198
MarcailWhat is Antarctica?
$2,100
JanetWhat is Africa
$1,900
Africa

Final scores:

Marcail Darren Janet
$2,500 $2 $9,300
2nd place: $2,500 if eliminated 3rd place: $2,500 if eliminated Automatic semifinalist

Game dynamics:

Coryat scores:

Marcail Darren Janet
$4,600 $4,200 $7,900
12 R,
1 W
15 R,
5 W
(including 1 DD)
20 R
(including 1 DD),
2 W
(including 1 DD)

Combined Coryat: $16,700

[game clues] [game scores] [suggest correction]

Game tape date: 2000-01-15
The J! Archive is created by fans, for fans. Scraping, republication, monetization, and malicious use prohibited; this site may use cookies and collect identifying information. See terms. The Jeopardy! game show and all elements thereof, including but not limited to copyright and trademark thereto, are the property of Jeopardy Productions, Inc. and are protected under law. This website is not affiliated with, sponsored by, or operated by Jeopardy Productions, Inc. Join the discussion at JBoard.tv.